[Event "Colorado Springs Pikes Peak op"]
[Site "Colorado Springs"]
[Date "2017.10.15"]
[Round "1"]
[White "Clow, Dean"]
[Black "Marsh, Alexander"]
[Result "1-0"]
[WhiteElo "2064"]
[BlackElo "1551"]
[PlyCount "107"]
[EventDate "2017.10.15"]
[EventType "swiss"]
[EventRounds "5"]
[EventCountry "USA"]
[SourceTitle "EXT 2019"]
[Source "ChessBase"]
[SourceDate "2018.10.10"]
[SourceVersion "1"]
[SourceVersionDate "2018.10.10"]
[SourceQuality "1"]

1. f4 d5 2. Nf3 c5 3. b3 Nc6 4. Bb2 Nf6 5. e3 b6 6. Bb5 Bb7 7. Ne5 Rc8 8. 0-0 a6 9. Nxc6 Bxc6 10. Bxa6 Ra8 11. Be2 g6 12. Nc3 Bg7 13. Nb5 0-0 14. a4 Ne4 15. Bxg7 Kxg7 16. Qe1 d4 17. Rd1 Nd6 18. exd4 Nxb5 19. axb5 Qxd4+ 20. Qf2 Qxf2+ 21. Kxf2 Be4 22. d3 Bf5 23. Ra1 Kf6 24. Bf3 Rxa1 25. Rxa1 e5 26. Ra6 Rb8 27. fxe5+ Kxe5 28. Ke3 h5 29. c4 Bc8 30. Ra7 Be6 31. b4 cxb4 32. d4+ Kd6 33. d5 Bf5 34. Kd4 Bd7 35. Bd1 f6 36. Ra6 Kc7 37. Bf3 Re8 38. d6+ Kxd6 39. Rxb6+ Ke7 40. Rb7 Rd8 41. Bc6 g5 42. c5 f5 43. Kc4 Ke6 44. Bxd7+ Rxd7 45. Rxd7 Kxd7 46. Kxb4 h4 47. Kc3 g4 48. Kd3 f4 49. Ke4 f3 50. Ke3 g3 51. hxg3 fxg2 52. Kf2 h3 53. Kg1 Kc7 54. g4 1-0

[Event "Colorado Springs Pikes Peak op"]
[Site "Colorado Springs"]
[Date "2017.10.15"]
[Round "5"]
[White "Narayanan, Suhaas"]
[Black "Clow, Dean"]
[Result "0-1"]
[WhiteElo "2046"]
[BlackElo "2064"]
[PlyCount "78"]
[EventDate "2017.10.15"]
[EventType "swiss"]
[EventRounds "5"]
[EventCountry "USA"]
[SourceTitle "EXT 2019"]
[Source "ChessBase"]
[SourceDate "2018.10.10"]
[SourceVersion "1"]
[SourceVersionDate "2018.10.10"]
[SourceQuality "1"]

1. d4 d5 2. c4 e6 3. Nc3 Nf6 4. cxd5 exd5 5. Bg5 Be7 6. Qc2 0-0 7. Nf3 Be6 8. e3 Nbd7 9. Be2 c5 10. 0-0 Rc8 11. Rac1 cxd4 12. Nxd4 Ne4 13. Bxe7 Qxe7 14. Qd1 Nxc3 15. bxc3 Nb6 16. Qb3 Nc4 17. Rfd1 Rfd8 18. Qb1 Rc5 19. Nb3 Rc6 20. Rd4 Rdc8 21. Bf3 Nb6 22. e4 dxe4 23. Bxe4 Rxc3 24. Rxc3 Rxc3 25. Bxh7+ Kh8 26. Be4 Bxb3 27. axb3 Qc7 28. Rd1 Nd7 29. Qa1 b6 30. Bf5 Nf8 31. b4 Kg8 32. h3 g6 33. Bg4 a5 34. bxa5 bxa5 35. Qa4 Qc5 36. Qf4 Rc2 37. Bd7 Rc4 38. Qf6 Rc1 39. Qf3 Nxd7 0-1

[Event "Colorado Challengers"]
[Site "Lone Tree"]
[Date "2016.06.16"]
[Round "5"]
[White "Seidler, Kevin"]
[Black "Clow, Dean"]
[Result "0-1"]
[WhiteElo "2124"]
[BlackElo "2104"]
[PlyCount "84"]
[EventDate "2016.06.16"]
[EventType "tourn"]
[EventRounds "5"]
[EventCountry "USA"]
[SourceTitle "EXT 2017"]
[Source "ChessBase"]
[SourceDate "2016.10.25"]
[SourceVersion "1"]
[SourceVersionDate "2016.10.25"]
[SourceQuality "1"]

1. d4 c5 2. d5 Nf6 3. c4 b5 4. cxb5 a6 5. Nc3 g6 6. e4 d6 7. Nf3 Bg7 8. Bc4 0-0 9. e5 Ng4 10. exd6 exd6 11. 0-0 Ne5 12. Nxe5 Bxe5 13. f4 Bd4+ 14. Kh1 Nd7 15. Ne2 Bg7 16. bxa6 Bxa6 17. Bxa6 Rxa6 18. f5 Qa8 19. fxg6 hxg6 20. a3 Nb6 21. Nf4 Ra4 22. Qf3 Re8 23. Rb1 Rae4 24. Ne6 R4xe6 25. dxe6 Qxf3 26. Rxf3 fxe6 27. b3 e5 28. Be3 Nd5 29. Rd1 e4 30. Rg3 Nxe3 31. Rxe3 Bd4 32. Re2 e3 33. a4 Kf7 34. b4 Ke6 35. b5 Kd7 36. g3 Kc7 37. a5 Ra8 38. Ra2 Bc3 39. b6+ Kc6 40. Rxd6+ Kxd6 41. b7 Re8 42. a6 Kc7 0-1